Attack of the cheetah / (Record no. 2289)

MARC details
000 -LEADER
fixed length control field 01504cam a2200349 a 4500
001 - CONTROL NUMBER
control field 2289
003 - CONTROL NUMBER IDENTIFIER
control field FISKH
005 - DATE AND TIME OF LATEST TRANSACTION
control field 20231115110550.0
008 - FIXED-LENGTH DATA ELEMENTS--GENERAL INFORMATION
fixed length control field 090806s2010 mnua c 000 1 eng
010 ## - LIBRARY OF CONGRESS CONTROL NUMBER
LC control number 2009029328
020 ## - INTERNATIONAL STANDARD BOOK NUMBER
International Standard Book Number 9781434218865 (library binding)
020 ## - INTERNATIONAL STANDARD BOOK NUMBER
International Standard Book Number 9781434222541 (pbk.)
040 ## - CATALOGING SOURCE
Original cataloging agency DLC
Transcribing agency DLC
Modifying agency DLC
Language of cataloging eng
042 ## - AUTHENTICATION CODE
Authentication code lcac
050 00 - LIBRARY OF CONGRESS CALL NUMBER
Classification number PZ7.M4116
Item number At 2010
082 00 - DEWEY DECIMAL CLASSIFICATION NUMBER
Classification number 813.6
Edition number 22
100 1# - MAIN ENTRY--PERSONAL NAME
Personal name Mason, Jane B.
245 10 - TITLE STATEMENT
Title Attack of the cheetah /
Statement of responsibility, etc. written by Jane Mason ; illustrated by Dan Schoening
260 ## - PUBLICATION, DISTRIBUTION, ETC.
Place of publication, distribution, etc. Mankato:
Name of publisher, distributor, etc. Stone Arch Books,
Date of publication, distribution, etc. 2013.
300 ## - PHYSICAL DESCRIPTION
Extent 49 pages :
Other physical details color illustrations ;
Dimensions 20 cm
490 0# - SERIES STATEMENT
Series statement DC super heroes. Wonder Woman
500 ## - GENERAL NOTE
General note "Wonder Woman created by William Moulton Marston."
505 ## - FORMATTED CONTENTS NOTE
Formatted contents note O<br/>
520 ## - SUMMARY, ETC.
Summary, etc. When a cheetah exhibit opens at the National Zoo in Washington, D.C., PRINCESS DIANA arrives to witness the event. At the grand opening, the rare cats suddenly escape, fleeing through a crowd of frightened zoogoers! DIANA quickly transforms into her secret identity, WONDER WOMAN, captures the cats and saves the day. But when the cheetahs continue their odd behavior, only one thing can explain it. The cat-like super-villain, CHEETAH, is on the loose!<br/>
521 0# - TARGET AUDIENCE NOTE
Target audience note 620<br/>
Source Lexile<br/>
521 0# - TARGET AUDIENCE NOTE
Target audience note O<br/>
Source Raz-Plus<br/>
650 #1 - SUBJECT ADDED ENTRY--TOPICAL TERM
Topical term or geographic name entry element Superheroes
Form subdivision Fiction.
650 #1 - SUBJECT ADDED ENTRY--TOPICAL TERM
Topical term or geographic name entry element Cheetah
Form subdivision Fiction.
700 1# - ADDED ENTRY--PERSONAL NAME
Personal name Schoening, Dan
Relator term illustrator
906 ## - LOCAL DATA ELEMENT F, LDF (RLIN)
a 7
b cbc
c orignew
d 1
e ecip
f 20
g y-gencatlg
942 ## - ADDED ENTRY ELEMENTS (KOHA)
Source of classification or shelving scheme Dewey Decimal Classification
Koha item type Books
Suppress in OPAC No
Holdings
Withdrawn status Lost status Source of classification or shelving scheme Damaged status Not for loan Collection Home library Current library Shelving location Date acquired Total Checkouts Full call number Barcode Date last seen Price effective from Koha item type
    Dewey Decimal Classification     Juvenile Fiction Footprints International School Library Network Toul Kork Campus Footprints International School Library Network Toul Kork Campus TK Primary Library Room(4th Floor), Bookcase 3&4, Shelves 17-32, Yellow Books 11/15/2023   MAS 813.6 PZ7.M4116 FISTK00236 11/15/2023 11/15/2023 Books